000 00723cam a2200241 i 4500
003 OSt
005 20230703081959.0
008 140603s2015 enk b 001 0 eng
020 _a9780190623388
040 _cNIRUC
050 0 0 _aK3263
_b.R53
100 1 _aRichards, Neil
245 1 0 _aIntellectual privacy :
_brethinking civil liberties in the digital age /
_cNeil Richards
260 _aNewyork
_bOxford University Press
_c2015
300 _axi, 220p. ;
_c25cm.
504 _aIncludes bibliographical references
650 0 _aPrivacy, Right of
650 0 _aFreedom of speech
650 0 _aIntellectual freedom
650 7 _aLaw
_xIntellectual property
_xGeneral
650 7 _aLaw
_xCivil Law
942 _2lcc
_cBK
_n0
999 _c174
_d174